Countries That End in O - Statistics

General Stats
  • This quiz has been taken 30 times
    21 since last reset
  • The average score is 7 of 11
Answer Stats
Country % Correct
Kosovo
83%
Mexico
78%
Monaco
78%
Lesotho
67%
Democratic Republic of the Congo
61%
Morocco
61%
Republic of the Congo
56%
Togo
56%
Burkina Faso
50%
San Marino
44%
Trinidad and Tobago
44%
No matching quizzes found
Score Distribution
Percent of People with Each Score
Percentile by Number Answered
Your Score History
You have not taken this quiz since the last reset